000 00487nam a2200169Ia 4500
005 20250326140828.0
008 250326s9999 xx 000 0 und d
037 _aTextbook
040 _aFMSL
_beng
_cFMSL
041 _aeng
_2eng
084 _aPIII:15k N7
_qFMSL
100 _aBulkey F K
_9743154
245 3 _aAn English-Hindi dictionary
_cBulkey F K
260 _aNew Delhi
_bNew Delhi, S. Chand & Co.
_c1997
942 _cTB
_hPIII:15k N7
999 _c1287463
_d1287463